| 000 | 00555nam a22001937a 4500 | ||
|---|---|---|---|
| 003 | KOHA_MİRAKIL | ||
| 005 | 20251221172929.0 | ||
| 008 | 251221b tu ||||| |||| 00| 0 tur d | ||
| 020 | _a9786051960098 | ||
| 040 |
_aTR-AnABB _btur _cTR-AnABB |
||
| 041 | _atur | ||
| 082 |
_a201 _bAYD 2016 |
||
| 100 | 1 | _aAydınbaş, Mehmet Emin, | |
| 245 | 1 | 0 |
_aHıristiyanlıkta tevhit'ten teslis'e / _cMehmet Emin Aydınbaş |
| 260 |
_aAnkara : _bÇizgi Kitabevi, _c2016 |
||
| 300 |
_a292 sayfa ; _c20 cm |
||
| 650 | 0 | 4 | _aHıristiyanlık |
| 942 |
_2ddc _cBK |
||
| 999 |
_c9887 _d9887 |
||
| 900 | _bGizem YORULMAZ | ||